Sāḍatrīsa sāhityika nibandho. (Record no. 74454)

MARC details
000 -LEADER
fixed length control field 00657cam a22002411 4500
001 - CONTROL NUMBER
control field sa 67004407
003 - CONTROL NUMBER IDENTIFIER
control field DLC
005 - DATE AND TIME OF LATEST TRANSACTION
control field 20260227112346.0
008 - FIXED-LENGTH DATA ELEMENTS--GENERAL INFORMATION
fixed length control field 881102s1966 xx 000 0 gujo
010 ## - LIBRARY OF CONGRESS CONTROL NUMBER
LC control number sa 67004407
035 ## - SYSTEM CONTROL NUMBER
System control number (OCoLC)23538171
040 ## - CATALOGING SOURCE
Original cataloging agency DLC
Transcribing agency MiU
Modifying agency DLC
042 ## - AUTHENTICATION CODE
Authentication code premarc
050 00 - LIBRARY OF CONGRESS CALL NUMBER
Classification number PK1850.5
Item number .T5
100 1# - MAIN ENTRY--PERSONAL NAME
Personal name Thaker, Bharatkumar D.,
Dates associated with a name 1941-
245 10 - TITLE STATEMENT
Title Sāḍatrīsa sāhityika nibandho.
260 ## - PUBLICATION, DISTRIBUTION, ETC.
Date of publication, distribution, etc. [1966]
300 ## - PHYSICAL DESCRIPTION
Extent 8, 524 p.
Dimensions 19 cm.
500 ## - GENERAL NOTE
General note Romanized.
650 #0 - SUBJECT ADDED ENTRY--TOPICAL TERM
Topical term or geographic name entry element Gujarati literature
700 1# - ADDED ENTRY--PERSONAL NAME
Personal name Bhatt, Ramesh M.,
Dates associated with a name 1935-
Relator term joint author.
700 1# - ADDED ENTRY--PERSONAL NAME
Personal name Patel, Chandubhai F.,
Dates associated with a name 1935-
Relator term joint author.

No items available.

Powered by Koha